| 000 | 00831nam a2200277Ia 4500 | ||
|---|---|---|---|
| 003 | OSt | ||
| 005 | 20221005022923.0 | ||
| 006 | a|||||r|||| 00| 0 | ||
| 007 | ta | ||
| 008 | 221004b |||||||| |||| 00| 0 eng d | ||
| 020 |
_a1591142903 _c1684.15 |
||
| 024 | _a82805 | ||
| 037 |
_b040, 30/03/2005, Knowledge World _cTextual |
||
| 040 |
_aCRL _cCRL _beng |
||
| 041 |
_2eng _aeng |
||
| 082 | _aV73:19491,(zM).P1, P3 | ||
| 100 | _aFriedman Norman | ||
| 245 | 0 | _aTerrorism, Afghanistan, and America's new way of war | |
| 260 |
_aAnnapolis _bNaval Institute Press U S A _c2003 |
||
| 300 |
_a327p. _ccm. |
||
| 650 | _a HISTORY | ||
| 650 | _a TERRORISM | ||
| 650 | _aETHNOLOGY | ||
| 942 |
_hV73:19491,(zM).P1, P3 _cTEXL _2cc |
||
| 999 |
_c930173 _d930173 |
||